000 00524pam a2200181 a 4500
020 _a0070494215 (v. l : acidfree paper)
020 _a0070494231 (v. 2 : acidfree paper)
040 _cDLC
082 0 0 _a810 MCG 1999 A092 Or.
245 0 4 _aThe American tradition in literature /
250 _a9th ed.
260 _aBoston, Mass :
_bMcGraw-Hill,
_cc1999.
300 _a2 v. :
_bill. (some col.) ;
_c24 cm.
650 0 _aAmerican literature.
700 1 _aPerkins, George B.,
700 1 _aPerkins, Barbara,
942 _cEK
999 _c12316
_d12316